000 00666nam a22002537a 4500
001 BR2014000846
003 BR-BrBNA
005 20240424141907.0
007 ta
008 230509b bl.||||| |||| 00| 0 por d
040 _aBR-BrBNA
_bpor
_cBiblioteca Nacional de Agricultura
041 _a(Por)
072 _aB50
100 1 _aSacramento, Enock.
110 1 _aCaixa Cultural, São Paulo, SP (Brasil)
_91306
245 1 _aChove no cafezal:
_bMabe, da figura á abstração /
260 3 _aSão Paulo, SP (Brasil):
_c2013.
300 _a32 p.
500 _a36 illus
650 _aHISTÓRIA
650 _aEXPOSIÇÃO
650 _aCAFEZAL
942 _cBK
_2AGRIS
999 _c79488
_d79488